000 00321nam a22001457a 4500
008 210514b ||||| |||| 00| 0 eng d
020 _a2900073525258
041 _aeng
080 _211th
_a658
082 _a658
100 _a56
101 _aMEN
245 _aOperations Management
_cStevenson,W.J
942 _2udc
_cBK
999 _c57342
_d57342